Modelovanie finančných sietí
Analýza štruktúry kapitálového trhu na báze sektorových subindexov konkrétneho indexu (DIJA). Takto identifikovaná štruktúra dáva možnosť sledovať vzťahy aj vo vnútri trhu, a nielen jeho vývoj ako celok.
Guardado en:
| Autor principal: | |
|---|---|
| Formato: | Capítulo de libro |
| Lenguaje: | eslovaco |
| Materias: | |
| Etiquetas: |
Sin Etiquetas, Sea el primero en etiquetar este registro!
|
MARC
| LEADER | 00000naa a2200000 4500 | ||
|---|---|---|---|
| 001 | 0212932 | ||
| 005 | 20221019172614.9 | ||
| 041 | 0 | |a slo | |
| 044 | |a SK | ||
| 245 | 1 | 0 | |a Modelovanie finančných sietí |c Jakub Danko |
| 520 | |a Analýza štruktúry kapitálového trhu na báze sektorových subindexov konkrétneho indexu (DIJA). Takto identifikovaná štruktúra dáva možnosť sledovať vzťahy aj vo vnútri trhu, a nielen jeho vývoj ako celok. | ||
| 610 | 2 | 0 | |a modelovanie ekonometrické |
| 610 | 2 | 0 | |a trh kapitálový |
| 610 | 2 | 0 | |a indexy burzové |
| 100 | 1 | |a Danko, Jakub | |